टुकड़े टुकड़े स्वाद (Record no. 396524)
[ view plain ]
| 000 -LEADER | |
|---|---|
| fixed length control field | 00301 a2200109 4500 |
| 000 - LEADER | |
| fixed length control field | nam a22 7a 4500 |
| 100 ## - MAIN ENTRY--PERSONAL NAME | |
| Personal name | राठी, सुमन |
| 110 ## - MAIN ENTRY--CORPORATE NAME | |
| Corporate name or jurisdiction name as entry element | राठी, सुमन |
| 245 ## - TITLE STATEMENT | |
| Title | टुकड़े टुकड़े स्वाद |
| 250 ## - EDITION STATEMENT | |
| Edition statement | Latest edition |
| 942 ## - ADDED ENTRY ELEMENTS (KOHA) | |
| Koha item type | Books |
No items available.
